Alle Städte in NRW nach Buchstabe - W - Statistiken

Allgemein
  • Dieses Quiz wurde 161 mal gespielt
  • Das Durchschnittsergebnis liegt bei 17 aus 37
Antworten auf der Karte
Die Antworten werden auf der Karte rot bzw. grün angezeigt, abhängig davon wie oft sie richtig erraten wurden.
 
Antwortstatistiken
Name % Korrekt
Wuppertal
97%
Witten
72%
Warendorf
68%
Werne
65%
Winterberg
65%
Würselen
65%
Wermelskirchen
64%
Wesel
63%
Werl
62%
Wipperfürth
58%
Waltrop
55%
Wetter (Ruhr)
53%
Warburg
52%
Willich
50%
Wegberg
49%
Warstein
48%
Waldbröl
47%
Wachtendonk
46%
Wülfrath
46%
Wenden
44%
Wassenberg
42%
Wadersloh
41%
Wachtberg
39%
Wesseling
39%
Weeze
36%
Weilerswist
36%
Westerkappeln
35%
Wiehl
35%
Werther (Westf.)
33%
Werdohl
31%
Wickede (Ruhr)
31%
Wilnsdorf
31%
Windeck
31%
Wettringen
26%
Willebadessen
24%
Welver
22%
Waldfeucht
20%
Keine übereinstimmenden Quizze gefunden
Verteilung der Resultate
Anzahl Personen mit jedem Resultat
Perzentil nach korrekt beantworteten Fragen
Ihre Resultats-Entwicklung
Sie haben dieses Quiz noch nicht gespielt